000 00242nam a2200097Ia 4500
001 1165368
005 20250827011738.0
008 250824s9999 xx 000 0 und d
245 0 _aİNCİ'NİN ANAHTARI
_cNECATİ AKBABA
260 _bGENÇ DAMLA
999 _c1165368
_d1165368